<?xml version="1.0" encoding="UTF-8"?><?xml-stylesheet type="text/xsl" href="static/style.xsl"?><OAI-PMH xmlns="http://www.openarchives.org/OAI/2.0/" xmlns:xsi="http://www.w3.org/2001/XMLSchema-instance" xsi:schemaLocation="http://www.openarchives.org/OAI/2.0/ http://www.openarchives.org/OAI/2.0/OAI-PMH.xsd"><responseDate>2026-04-13T02:13:53Z</responseDate><request verb="GetRecord" identifier="oai:www.recercat.cat:10256/16907" metadataPrefix="marc">https://recercat.cat/oai/request</request><GetRecord><record><header><identifier>oai:recercat.cat:10256/16907</identifier><datestamp>2024-05-22T11:21:21Z</datestamp><setSpec>com_2072_452966</setSpec><setSpec>com_2072_2054</setSpec><setSpec>col_2072_452968</setSpec></header><metadata><record xmlns="http://www.loc.gov/MARC21/slim" xmlns:dcterms="http://purl.org/dc/terms/" xmlns:xsi="http://www.w3.org/2001/XMLSchema-instance" xmlns:doc="http://www.lyncode.com/xoai" xsi:schemaLocation="http://www.loc.gov/MARC21/slim http://www.loc.gov/standards/marcxml/schema/MARC21slim.xsd">
   <leader>00925njm 22002777a 4500</leader>
   <datafield ind2=" " ind1=" " tag="042">
      <subfield code="a">dc</subfield>
   </datafield>
   <datafield ind2=" " ind1=" " tag="720">
      <subfield code="a">Vilà Valls, Laura</subfield>
      <subfield code="e">author</subfield>
   </datafield>
   <datafield ind2=" " ind1=" " tag="260">
      <subfield code="c">2019-06</subfield>
   </datafield>
   <datafield ind2=" " ind1=" " tag="520">
      <subfield code="a">The importance of a correct identification of species in the fishing sector requires the application of genetic tools like markers, to differentiate species that are very similar morphologically. The species studied are part of the family Scombridae, and correspond to the genera Auxis and Euthynnus. &#xd;
In this study a mitochondrial marker (mtDNA CR) and three nuclear markers (TMO, Rhodopsin and Calmodulin) were used to distinguish species. DNA was obtained from extractions on muscle tissue. Subsequently, PCR was performed and amplification was tested in electrophoresis on agarose gel. In order to clean the product obtained, the ExoSAP protocol was used, followed by the BigDye protocol prior to sequencing. The resulting sequences were analysed with different bioinformatic tools in order to obtain an alignment and thus be able to represent the results by phylogenetic trees. &#xd;
In relation to the genus Auxis, three specimens from Portugal were analysed, which were identified during fishing as Auxis rochei, but once were obtained results by the markers mtDNA CR, TMO and Rodopsina, it was proved that they corresponded to the species Auxis thazard instead of A. rochei. This result contradicts the known distribution of this genus in which A. rochei is the only one considered to be present in the Mediterranean and adjacent areas. The introduction of A. thazard to the Portugal coasts could be due to the temperature increase in water caused by global warming. &#xd;
In relation to the genus Euthynnus, four localities of the species Euthynnus alletteratus were studied, which is distributed throughout the Atlantic Ocean and the Mediterranean. The results by three of the four markers used, showed a divergence between the localities of Portugal and Tunisia, in respect to those of Senegal and Ivory Coast. This result means that a new species of the genus Euthynnus was found because more than two unlinked markers show the same result. The three markers that were functional for this species are: the mitochondrial marker, and the nuclear markers Rhodopsin and Calmodulin</subfield>
   </datafield>
   <datafield ind1="8" ind2=" " tag="024">
      <subfield code="a">http://hdl.handle.net/10256/16907</subfield>
   </datafield>
   <datafield tag="653" ind2=" " ind1=" ">
      <subfield code="a">Escòmbrids -- Aspectes genètics</subfield>
   </datafield>
   <datafield tag="653" ind2=" " ind1=" ">
      <subfield code="a">Scombridae -- Genetic aspects</subfield>
   </datafield>
   <datafield tag="653" ind2=" " ind1=" ">
      <subfield code="a">Marcadors genetics</subfield>
   </datafield>
   <datafield tag="653" ind2=" " ind1=" ">
      <subfield code="a">Genetic markers</subfield>
   </datafield>
   <datafield ind2="0" ind1="0" tag="245">
      <subfield code="a">L’aplicació de marcadors genètics per a la identificació d’espècies piscícoles, revela una possible nova espècie del gènere Euthynnus i la presència per primera vegada d’Auxis thazard prop del Mediterrani</subfield>
   </datafield>
</record></metadata></record></GetRecord></OAI-PMH>